00543 2200181 4500245005200000020002200052250001100074700001800085700002200103100002500125650002100150005001900171260012000190041001400310084001000324300001800334336000900352 aRacikan Hasil HutancTanya Luther AgarwalhText a978-623-472-019-8 aCet. 1 aSanjay Sarkar aAdani Nur Sabrina aTanya Luther Agarwal aCerita Bergambar a20241001111130 aJakarta TimurbKementerian pendidikan,Kebudayaan,Riset,dan Teknologi Badan Pengembangan Dan pembinaan Bahasac2021 aIndonesia a741.5 a60 hlm :cpdf atext